000 00569nam a2200217 a 4500
001 0001-2225
003 ELIB.Books
008 190803 2010 eng
020 _a0062548697
092 _a362.2
_bFas
100 _aFassel, Daane.
245 _aWorking Ourselves to Death
260 _aNew York
_bA Division of Harper Collins Publishers
_c1990
300 _a164
_c21.5cm
650 _aJob Stress
856 _nKBTS Library
_uKBTS Elib
942 _2ddc
_cBK
990 _a1
998 _aEnglishbooks.elf
_ccat
_e2019-08-03
999 _c12225
_d12225